| 000 | 00490nam a2200181Ia 4500 | ||
|---|---|---|---|
| 003 | STCL | ||
| 008 | 181203s9999 xx 000 0 und d | ||
| 020 | _a75210000509 | ||
| 040 |
_aSTCL _bEN _cSTCL |
||
| 082 | _222 | ||
| 100 | _a Raghava Varier, M.R. | ||
| 245 | 0 | _aകേരളീയത ചരിത്രമാനങ്ങൾ | |
| 246 | _aKeraleeyatha Charithramanangal | ||
| 260 |
_bVallathol Vidyapeetham _aEdapal _c2009 |
||
| 300 | _a227 | ||
| 546 | _aMalayalam | ||
| 942 |
_2ddc _cBK |
||
| 999 |
_c85640 _d85640 |
||